Online Catalogue and eLibrary

Religious Fundamentalism in South Asia (Record no. 5911)

MARC details
000 -LEADER
fixed length control field 00442nam a22001577a 4500
005 - DATE AND TIME OF LATEST TRANSACTION
control field 20240716043906.0
008 - FIXED-LENGTH DATA ELEMENTS--GENERAL INFORMATION
fixed length control field 240716b |||||||| |||| 00| 0 eng d
082 ## - DDC Classification
DDC Edition Number 22
Class No. 200
Item Number - Author Mark REL
100 ## - MAIN ENTRY--PERSONAL NAME
Personal name Tariq, Farooq
245 ## - TITLE STATEMENT
Title Religious Fundamentalism in South Asia
Remainder of title Strategies to Counter its Rise
Statement of responsibility, etc. Farooq, Tariq
260 ## - PUBLICATION, DISTRIBUTION, ETC.
Place of publication, distribution, etc. Lahore
Name of publisher, distributor, etc. Samaj Publishers
Date of publication, distribution, etc. 2016
300 ## - PHYSICAL DESCRIPTION
Extent (e.g. Volumes, Pages etc.) 109 p .,
650 ## - SUBJECT ADDED ENTRY--TOPICAL TERM
Topical term or geographic name entry element Religion
650 ## - SUBJECT ADDED ENTRY--TOPICAL TERM
Topical term or geographic name entry element Fundamentalism
942 ## - Koha item type (Biblio)
Koha item type Books in Stacks (Lending)
Holdings
Lost status Damaged status Collection code Home library Current library Date acquired Full call number Accession Number Item type
    Lending WERC Library WERC Library 07/16/2024 200 REL 6987 Books in Stacks (Lending)

© WERC Library